00378pab a2200145 454500008004000000100002400040245006200064260000900126300001400135362000800149650001200157650003100169650001600200773001600216180718b2006 xxu||||| |||| 00| 0 eng d aMarcothyse, Sharron aLand rights in South Africa: a mechanism against poverty? c2006 ap.133-37. aSep aPoverty aLand tenure - South Africa aLand tenure aDevelopment